000 00525nam a2200181Ia 4500
999 _c20523
_d20523
003 OSt
005 20200323114645.0
008 190216s9999||||xx |||||||||||||| ||und||
020 _a8120718828
040 _coclc
082 _a297.09
_bKHA/E
100 _a Khan, Mohammad Ishaq
_92166
245 0 _aExperiencing Islam /
_cMohammad Ishaq Khan
260 _bSterling Publications,
_c1997.
_aNew Delhi:
300 _a182p
650 _aIslamic History
942 _cBK
_2ddc
_h297.09
_iKHA/E
_k297.09
_mKHA/E